| 000 | 01185nam a22002657i 4500 | ||
|---|---|---|---|
| 003 | URS | ||
| 005 | 20230817135601.0 | ||
| 008 | 170908b xxu||||| |||| 00| 0 eng d | ||
| 020 | _a8120720024 | ||
| 040 | _cURS | ||
| 050 | 1 | 4 |
_aHA 29 _bAg38 1998 |
| 100 | 1 |
_aAggarwal, Y. P. _eauthor. |
|
| 245 | 1 | 0 |
_aStatistical methods : _bconcepts, application and computation for students of education, psychology, economics, commerce, management, social work and life sciences / _cY.P. Aggarwal |
| 250 | _aThird revised and enlarged edition | ||
| 264 | 1 |
_aNew Delhi, India : _bSterling Publishers Private, _c[date of publication not idenfitied] |
|
| 264 | 4 | _a©1998 | |
| 300 |
_axxiii, 387 pages ; _b22 cm |
||
| 336 |
_2rdacontent _atext |
||
| 337 |
_2rdamedia _aunmediated |
||
| 338 |
_2rdacarrier _avolume |
||
| 504 | _aIncludes bibliographical references and index. | ||
| 524 | _aAggarwal, Y.P. (1998). Statistical methods: concepts, application and computation: for students of education, psychology, economics, commerce, management, social work and life sciences (3rd revised and enlarged edition) New Delhi: Sterling Publishers Private | ||
| 650 | 0 | _aStatistics | |
| 942 |
_2lcc _cFR |
||
| 999 |
_c72464 _d72463 |
||